000 00790nam a2200193 i 4500
001 180415
003 ES-MaACL
005 20230906221105.0
008 120601s1968 sp |||| | spa d
080 _a539.1(043.2)
100 1 _aGarcía Doncel, Manuel.
_9150300
245 1 0 _aTest de la simetría SU (6) W
_b: polarización de resonancias producidas en un simple mecanismo periférico /
_cpor Manuel García Doncel.
260 _aBarcelona :
_bUniversidad de Barcelona, Secretariado de Publicaciones. Intercambio Científico y Extensión Universitaria,
_c1968.
300 _a24 p. :
_blám., grab. ;
_c24 cm.
502 _aTesis-Universidad Barcelona (Extracto)
650 0 4 _aFísica nuclear.
_912888
710 2 _aUniversidad de Barcelona.
_97141
852 _aES-MaACL
_jE-15362(10)
999 _c180415
_d180415